Größte Städte Österreichs - Statistiken

Allgemein
  • Dieses Quiz wurde 67 mal gespielt
  • Das Durchschnittsergebnis liegt bei 9 aus 20
Antwortstatistiken
Antwort % Korrekt
Wien
100%
Graz
95%
Salzburg
94%
Linz
89%
Innsbruck
81%
Klagenfurt am Wörthersee
75%
Bregenz
62%
Villach
51%
Dornbirn
41%
Eisenstadt
41%
Sankt Pölten
37%
Wels
33%
Hall in Tirol
24%
Krems an der Donau
21%
Kufstein
21%
Zell am See
16%
Bruck an der Mur
10%
Gmunden
5%
Hallstatt
2%
Rattenberg
0%
Keine übereinstimmenden Quizze gefunden
Verteilung der Resultate
Anzahl Personen mit jedem Resultat
Perzentil nach korrekt beantworteten Fragen
Ihre Resultats-Entwicklung
Sie haben dieses Quiz noch nicht gespielt